[Event "Tata Steel-A 86th"]
[Site "Wijk aan Zee"]
[Date "2024.01.18"]
[Round "5"]
[White "Praggnanandhaa, Rameshbabu"]
[Black "Giri, Anish"]
[Result "1/2-1/2"]
[WhiteElo "2743"]
[BlackElo "2749"]
[PlyCount "81"]
[EventDate "2024.01.13"]
[EventType "tourn"]
[EventRounds "13"]
[EventCountry "NED"]
[EventCategory "19"]
[SourceTitle "CB05_2024"]
[SourceDate "2024.01.31"]
[SourceVersion "1"]
[SourceVersionDate "2024.01.31"]
[SourceQuality "1"]

1. d4 d5 2. Nc3 Nf6 3. Bf4 Bf5 4. e3 e6 5. Bd3 Bxd3 6. cxd3 Bd6 7. Qb3 b6 8. Bxd6 Qxd6 9. Nf3 c6 10. 0-0 Ng8 11. a4 Ne7 12. a5 b5 13. Na2 Na6 14. Qa3 b4 15. Qa4 0-0 16. Nc1 Rfc8 17. Nb3 c5 18. dxc5 Nxc5 19. Nxc5 Qxc5 20. d4 Qd6 21. Ne5 f6 22. Nd3 e5 23. dxe5 fxe5 24. Rac1 Rxc1 25. Rxc1 Rb8 26. h3 h6 27. Qd1 Ng6 28. Rc2 Kh7 29. Nc5 Rb5 30. Nb3 Rb8 31. Rc5 Rd8 32. Qc2 Qf6 33. Rc6 Rd6 34. Rxd6 Qxd6 35. Qf5 Kg8 36. Qc8+ Kh7 37. Qf5 Kg8 38. Qc8+ Kh7 39. Qc5 Qxc5 40. Nxc5 Ne7 41. Kf1 1/2-1/2

[Event "Tata Steel-A 86th"]
[Site "Wijk aan Zee"]
[Date "2024.01.13"]
[Round "1"]
[White "Ju, Wenjun"]
[Black "Giri, Anish"]
[Result "0-1"]
[WhiteElo "2549"]
[BlackElo "2749"]
[PlyCount "160"]
[EventDate "2024.01.13"]
[EventType "tourn"]
[EventRounds "13"]
[EventCountry "NED"]
[EventCategory "19"]
[SourceTitle "CB05_2024"]
[SourceDate "2024.01.31"]
[SourceVersion "1"]
[SourceVersionDate "2024.01.31"]
[SourceQuality "1"]

1. e4 c5 2. Nf3 e6 3. g3 Nc6 4. Bg2 Nf6 5. d3 Be7 6. 0-0 d5 7. Qe2 0-0 8. a4 dxe4 9. dxe4 e5 10. c3 h6 11. Na3 Qc7 12. Nd2 Bg4 13. f3 Be6 14. f4 a6 15. Nac4 b5 16. Ne3 c4 17. f5 Bd7 18. Nd5 Qd8 19. Kh1 Na5 20. axb5 axb5 21. b4 cxb3 22. Nxe7+ Qxe7 23. Ba3 Qd8 24. Bxf8 Qxf8 25. Rfb1 Bc6 26. h3 Qc5 27. Qd3 Qf2 28. Rb2 Kh7 29. Rab1 Qb6 30. Kh2 Rd8 31. Qe2 Rd6 32. Nxb3 Nc4 33. Ra2 Qe3 34. Qxe3 Nxe3 35. Re2 Rd3 36. Nc5 Rxc3 37. Rb3 Neg4+ 38. hxg4 Rxc5 39. Kh3 Rc4 40. Rbb2 Nxe4 41. Bxe4 Bxe4 42. Rxb5 f6 43. Rb3 Bc2 44. Rxc2 Rxc2 45. Rb8 Rf2 46. Re8 Rd2 47. Rf8 Ra2 48. Re8 Rf2 49. Rf8 Rd2 50. Re8 Rd7 51. Kg2 h5 52. g5 Rd2+ 53. Kf3 Rd3+ 54. Kg2 fxg5 55. Rxe5 g4 56. Re8 Rd6 57. Rc8 Rf6 58. Rc5 Rf8 59. Rd5 Ra8 60. Rc5 Ra2+ 61. Kg1 Ra3 62. Kg2 Rf3 63. Rd5 Kg8 64. Rd8+ Kf7 65. Rh8 Rxf5 66. Kg1 Ra5 67. Kg2 g6 68. Rh7+ Kf6 69. Kg1 Ra6 70. Kg2 Rd6 71. Kf2 Ke5 72. Kg2 Rd2+ 73. Kg1 Ke4 74. Ra7 g5 75. Ra5 Rd5 76. Ra4+ Ke3 77. Kg2 Rd2+ 78. Kg1 Re2 79. Ra3+ Ke4 80. Ra5 Kf3 0-1

[Event "Wch Blitz"]
[Site "Samarkand"]
[Date "2023.12.30"]
[Round "18"]
[White "Dardha, Daniel"]
[Black "Giri, Anish"]
[Result "0-1"]
[WhiteElo "2598"]
[BlackElo "2754"]
[PlyCount "106"]
[EventDate "2023.12.29"]
[EventType "swiss (blitz)"]
[EventRounds "21"]
[EventCountry "UZB"]
[SourceTitle "CB01_2024"]
[SourceDate "2024.01.03"]
[SourceVersion "1"]
[SourceVersionDate "2024.01.03"]
[SourceQuality "1"]

1. d4 Nf6 2. Bg5 e6 3. e4 h6 4. Bxf6 Qxf6 5. e5 Qd8 6. Qg4 b6 7. Nf3 Bb7 8. Nc3 d5 9. exd6 cxd6 10. 0-0-0 Nd7 11. d5 e5 12. Bb5 a6 13. Bc6 Qc7 14. Rhe1 0-0-0 15. Kb1 Kb8 16. Qh3 Nf6 17. Bxb7 Qxb7 18. a4 Be7 19. Nd2 Rc8 20. Qd3 Ka7 21. Nb3 Rc7 22. Na2 Rhc8 23. Nb4 Rc4 24. c3 Bf8 25. Nc6+ R8xc6 26. dxc6 Qxc6 27. a5 b5 28. Qe3+ Kb7 29. f3 Nd5 30. Qd2 Nc7 31. Qd3 f6 32. Nd2 Ra4 33. b4 d5 34. Nb3 Qc4 35. Qxc4 bxc4 36. Nd2 Nb5 37. Kb2 d4 38. Ne4 dxc3+ 39. Kc2 Nd4+ 40. Kxc3 Bxb4+ 41. Kb2 Bxe1 42. Nc5+ Kc6 43. Nxa4 Bxa5 44. f4 Bb4 45. fxe5 fxe5 46. Nc3 a5 47. Rf1 Ne6 48. Re1 Nc5 49. Kc2 Na4 50. Rxe5 Nxc3 51. Rf5 Nb5 52. Rf7 Nd4+ 53. Kd1 c3 0-1

[Event "Wch Blitz"]
[Site "Samarkand"]
[Date "2023.12.30"]
[Round "13"]
[White "Korobov, Anton"]
[Black "Giri, Anish"]
[Result "1/2-1/2"]
[WhiteElo "2672"]
[BlackElo "2754"]
[PlyCount "82"]
[EventDate "2023.12.29"]
[EventType "swiss (blitz)"]
[EventRounds "21"]
[EventCountry "UZB"]
[SourceTitle "CB01_2024"]
[SourceDate "2024.01.03"]
[SourceVersion "1"]
[SourceVersionDate "2024.01.03"]
[SourceQuality "1"]

1. c4 Nf6 2. Nc3 e5 3. Nf3 Nc6 4. e3 Bb4 5. Qc2 Bxc3 6. Qxc3 Qe7 7. d4 e4 8. Nd2 d5 9. b3 a5 10. Be2 h5 11. h3 h4 12. cxd5 Nxd5 13. Qc5 Qxc5 14. dxc5 Ncb4 15. Kf1 Nc2 16. Rb1 Nc3 17. Rb2 Nb4 18. a3 Nxe2 19. Kxe2 Nd3 20. Rc2 f5 21. f3 Be6 22. fxe4 fxe4 23. Bb2 0-0-0 24. Bd4 Bd5 25. Rf1 Rhf8 26. Nc4 Rxf1 27. Kxf1 Rf8+ 28. Kg1 a4 29. bxa4 g5 30. a5 Kd7 31. Ne5+ Ke6 32. Ng4 Ra8 33. Bc3 Kd7 34. Ne5+ Ke6 35. Ng4 Kd7 36. Ne5+ Nxe5 37. Bxe5 Rxa5 38. Rc3 Kc6 39. Bf6 g4 40. hxg4 Rxc5 41. Rxc5+ Kxc5 1/2-1/2

[Event "Wch Blitz"]
[Site "Samarkand"]
[Date "2023.12.29"]
[Round "5"]
[White "Giri, Anish"]
[Black "Tabatabaei, Mohammad Amin"]
[Result "1/2-1/2"]
[WhiteElo "2754"]
[BlackElo "2692"]
[PlyCount "89"]
[EventDate "2023.12.29"]
[EventType "swiss (blitz)"]
[EventRounds "21"]
[EventCountry "UZB"]
[SourceTitle "CB01_2024"]
[SourceDate "2024.01.03"]
[SourceVersion "1"]
[SourceVersionDate "2024.01.03"]
[SourceQuality "1"]

1. e4 e5 2. Nf3 Nc6 3. Bc4 Nf6 4. d3 Bc5 5. 0-0 d6 6. c3 a5 7. Re1 0-0 8. h3 Ba7 9. Bb3 h6 10. Nbd2 Be6 11. Bc2 Re8 12. Nf1 d5 13. exd5 Bxd5 14. Be3 Bxe3 15. Nxe3 Be6 16. Ba4 Qd6 17. d4 exd4 18. Nxd4 Bd7 19. Nxc6 Bxc6 20. Qxd6 cxd6 21. Bc2 d5 22. Nf5 Rxe1+ 23. Rxe1 Re8 24. Rd1 Kf8 25. f3 h5 26. h4 g6 27. Nd4 Ke7 28. Kf2 Kd6 29. Ne2 Kc7 30. Nf4 Re5 31. Rd4 b6 32. Nh3 Re7 33. Nf4 b5 34. a4 bxa4 35. Bxa4 Bxa4 36. Rxa4 Kb6 37. Nd3 Nd7 38. Rf4 Nc5 39. Nxc5 Kxc5 40. b4+ axb4 41. Rxb4 Kd6 42. Rb6+ Kc5 43. Rb4 Kd6 44. Rb6+ Kc5 45. Rb4 1/2-1/2

[Event "Wch Rapid"]
[Site "Samarkand"]
[Date "2023.12.28"]
[Round "12"]
[White "Giri, Anish"]
[Black "Anton Guijarro, David"]
[Result "1/2-1/2"]
[WhiteElo "2754"]
[BlackElo "2670"]
[PlyCount "104"]
[EventDate "2023.12.26"]
[EventType "swiss (rapid)"]
[EventRounds "13"]
[EventCountry "UZB"]
[SourceTitle "CB01_2024"]
[SourceDate "2024.01.03"]
[SourceVersion "1"]
[SourceVersionDate "2024.01.03"]
[SourceQuality "1"]

1. e4 c6 2. d4 d5 3. exd5 cxd5 4. Bd3 Nc6 5. c3 Qc7 6. h3 e6 7. Nf3 Bd6 8. 0-0 Nf6 9. Re1 0-0 10. Nbd2 b6 11. Qe2 Ne7 12. Ne5 Bb7 13. Ng4 Nd7 14. Nf3 Ng6 15. Nfe5 Ndxe5 16. Nxe5 Rfe8 17. Bxg6 hxg6 18. Qd3 a5 19. h4 Ba6 20. Qh3 Bxe5 21. Rxe5 Qc4 22. Bf4 Qd3 23. Qg4 Qc2 24. Rae1 Bd3 25. Qh3 Be4 26. f3 Bf5 27. g4 Bd3 28. Bc1 f6 29. R5e3 e5 30. dxe5 Rxe5 31. Rxe5 fxe5 32. h5 Kf7 33. Qg3 Re8 34. f4 Be4 35. fxe5 Ke6 36. h6 gxh6 37. Rf1 Kd7 38. Bxh6 Rxe5 39. Rf7+ Kc6 40. Bg7 Re6 41. Qc7+ Kb5 42. Qd7+ Rc6 43. a4+ Qxa4 44. Rf6 Qd1+ 45. Kf2 Qd2+ 46. Kg3 Qe3+ 47. Kh4 Qe1+ 48. Kg5 Qd2+ 49. Kh4 Qh2+ 50. Kg5 Qd2+ 51. Kh4 Qh2+ 52. Kg5 Qd2+ 1/2-1/2